Fußball-Transfers: Teuerster Spieler pro Nation - Statistiken

Allgemein
  • Dieses Quiz wurde 2.343 mal gespielt
    570 seit der letzten Aktualisierung
  • Das Durchschnittsergebnis liegt bei 23 aus 77
Antwortstatistiken
Nation Jahr Ablöse
(in Mio)
Spieler % Korrekt
Brasilien 2017 222 Neymar
99%
Deutschland 2025 140 Florian Wirtz
98%
Frankreich 2018 180 Kylian Mbappé
98%
Wales 2013 101 Gareth Bale
84%
Portugal 2019 127,2 João Félix
75%
Uruguay 2014 81,72 Luis Suárez
70%
Belgien 2019 115 Eden Hazard
68%
Argentinien 2023 121 Enzo Fernández
67%
Ecuador 2023 116 Moisés Caicedo
62%
Norwegen 2022 60 Erling Haaland
59%
Polen 2022 45 Robert Lewandowski
57%
Schweden 2009 69,5 Zlatan Ibrahimović
57%
England 2021 117 Jack Grealish
56%
Niederlande 2019 86 Frenkie de Jong
55%
Kroatien 2023 90 Josko Gvardiol
54%
Südkorea 2023 50 Min-jae Kim
53%
USA 2018 64 Christian Pulisic
51%
Georgien 2025 70 Khvicha Kvaratskhelia
49%
Ungarn 2023 70 Dominik Szoboszlai
48%
Ägypten 2025 75 Omar Marmoush
48%
Senegal 2016 41,2 Sadio Mané
48%
Gabun 2017 63,75 Pierre-Emerick Aubameyang
47%
Ukraine 2022 70 Mykhaylo Mudryk
45%
Chile 2014 42,5 Alexis Sánchez
44%
Marokko 2021 68 Achraf Hakimi
43%
Serbien 2021 81,6 Dusan Vlahovic
43%
Schweiz 2016 45 Granit Xhaka
42%
Tschechien 2001 45 Pavel Nedved
41%
Slowenien 2025 76,5 Benjamin Sesko
40%
Dominikanische Rep. 2018 21,5 Mariano Díaz
40%
Algerien 2018 67,8 Riyad Mahrez
38%
Nigeria 2020 75 Victor Osimhen
38%
Dänemark 2023 75 Rasmus Højlund
34%
Armenien 2016 42 Henrikh Mkhitaryan
31%
Island 2017 49,4 Gylfi Sigurdsson
26%
Kanada 2020 27 Jonathan David
26%
Elfenbeinküste 2019 80 Nicolas Pépé
26%
Bulgarien 2008 38 Dimitar Berbatov
24%
Costa Rica 2019 15 Keylor Navas
24%
Bosnien & Herzegowina 2020 60 Miralem Pjanic
24%
Spanien 2018 80 Kepa Arrizabalaga
21%
Jamaika 2021 32 Leon Bailey
20%
Österreich 2019 25 Marko Arnautovic
20%
Guinea 2018 60 Naby Keïta
19%
Usbekistan 2024 40 Abdukodir Khusanov
17%
Türkei 2015 34 Arda Turan
17%
Mexiko 2019 45 Hirving Lozano
17%
Kolumbien 2025 77 Jhon Duran
14%
Italien 2025 68,25 Mateo Retegui
13%
Russland 2018 30 Aleksandr Golovin
12%
Kamerun 2025 75 Bryan Mbeumo
12%
Togo 2009 29 Emmanuel Adebayor
11%
Ghana 2025 63,8 Mohammed Kudus
11%
Nordmazedonien 2024 24 Eljif Elmas
10%
Neuseeland 2023 17 Chris Wood
8%
DR Kongo 2017 40 Cédric Bakambu
7%
Slowakei 2017 34 Milan Skriniar
7%
Griechenland 2019 36 Konstantinos Manolas
6%
Montenegro 2013 26 Stevan Jovetic
6%
Trinidad & Tobago 1998 19,25 Dwight Yorke
5%
Kap Verde 2024 18 Logan Costa
4%
Israel 2019 17 Munas Dabbur
4%
Rumänien 2024 25 Radu Drăgușin
4%
Kosovo 2020 21 Vedat Muriqi
3%
Sambia 2021 30 Patson Daka
2%
Gambia 2024 35 Yankuba Minteh
2%
Schottland 2024 41,2 Elliot Anderson
1%
Albanien 2021 26,5 Marash Kumbulla
1%
Irland 2023 26,85 Nathan Collins
1%
Venezuela 2019 18,27 Salomón Rondón
1%
Japan 2018 35 Shoya Nakajima
1%
Mali 2022 29,2 Yves Bissouma
1%
Australien 2022 17 Harry Souttar
0%
Nordirland 2020 16,5 Jamal Lewis
0%
Paraguay 2014 24,5 Juan Iturbe
0%
Simbabwe 2025 18 Marshall Munetsi
0%
Saudi-Arabien 2024 28,95 Moteb Al-Harbi
0%
Keine übereinstimmenden Quizze gefunden
Verteilung der Resultate
Anzahl Personen mit jedem Resultat
Perzentil nach korrekt beantworteten Fragen
Ihre Resultats-Entwicklung
Sie haben dieses Quiz seit der letzten Aktualisierung nicht gespielt